Guia per a la dinamització del comerç local i nouvingut
Publicado:
Barcelona :
Diputació de Barcelona. Àrea de Desenvolupament Econòmic i Ocupació. Gerència de Serveis de Comerç. Servei de Comerç Urbà ,
2011
Descripción Física:
50 p. : quadres ; 29 cm
MARC
| LEADER | 00000nam a2200000Ia 4500 | ||
|---|---|---|---|
| 001 | 23389 | ||
| 008 | 160829s2011 xx 000 0 cat d | ||
| 080 | |a M-6-422 | ||
| 245 | |a Guia per a la dinamització del comerç local i nouvingut | ||
| 260 | |a Barcelona : |b Diputació de Barcelona. Àrea de Desenvolupament Econòmic i Ocupació. Gerència de Serveis de Comerç. Servei de Comerç Urbà, |c 2011 | ||
| 300 | |a 50 p. : |b quadres ; |c 29 cm | ||
| 650 | |a Comerç |x Manuals, guies, etc. |9 43655 | ||
| 650 | |a Vendes |x Promoció |x Manuals, guies, etc. |9 43656 | ||
| 650 | |a Associacionisme |x Manuals, guies, etc. |9 43657 | ||
| 710 | 1 | |a Barcelona (Catalunya : Província). |b Servei de Comerç Urbà |9 51855 | |
| 901 | |a Arxiu | ||
| 942 | |n 1 | ||
| 952 | |0 0 |1 0 |4 0 |6 M6422 |7 1 |9 51554 |a Arxiu |b Arxiu |d 2012-02-14 |l 0 |o M-6-422 |p 23389 |r 2016-12-01 00:00:00 |w 2016-12-01 |y ARXIU | ||
| 999 | |c 55399 |d 55399 | ||